| 000 | 00829nam0a22002651 4500 | ||
|---|---|---|---|
| 001 | rc\3187080 | ||
| 005 | 20250530095813.0 | ||
| 021 |
_aRU _b[75-84243] |
||
| 035 | _a(NLR Aleph) 007349866 | ||
| 090 |
_a6197609 _c6197609 |
||
| 100 | _a20120628d1975 |||y0rusy50 ca | ||
| 101 | 0 | _arus | |
| 102 | _aRU | ||
| 105 | _aa z ||||| | ||
| 200 | 1 |
_aЦветы на балконе и дома _fА.Н. Воронов |
|
| 210 |
_aСимферополь _cТаврия _d1975 |
||
| 215 |
_a78 с. _cил. _d20 |
||
| 320 | _aСписок лит.: с. 77 (5 назв.) | ||
| 606 |
_aОзеленение зданий и построек _2psbo |
||
| 700 | 1 |
_aВоронов _bА.Н. _gАлександр Николаевич |
|
| 801 | 0 |
_aRU _bNLR _gpsbo |
|
| 801 | 1 |
_aRU _bELAR _2rusmarc |
|
| 852 |
_aNLR _j76-4/824 |
||
| 942 | _cBOOK | ||
| 980 | _aNB | ||